000 00520nam a2200205 a 4500
999 _c6397
_d6397
001 6397
003 BD-JhCC
005 20180217185614.0
008 180122s uk |||| |||| 000 0 eng d
035 _a(BD-JhCC)
040 _aBD-JhCC
_dBD-JhCC
041 _aeng
082 _a380.0966
_bHER
100 _aHerdman, T.
245 _aForest and Savana: West Africa :
_bLongmans Colour Geographies Unit 6 /
_cT. Herdman
260 _aLondon:
_bLongmans;
300 _a64 p;,
_c20 cm
650 _aTravel
942 _2ddc
_cBK